000 00559nab a22001697 4500
003 ES-SlBCS
005 20220602105954.0
008 220602s2022 sp ||||| |||| 00| 0 spa d
040 _aES-SlBCS
_bspa
041 _aspa
100 1 _aArrimadas Gómez, Irene
_9255152
245 1 3 _aEl arte de educar (al educador) y de transformar un centro
_cIrene Arrimadas Gómez, Loli García, Eline Lund
700 1 _9328688
_aGarcía, Loli
700 1 _aLund, Eline
_9420139
773 0 _gNúm. 281, 2022, págs. 28-38
_tEducadores
_wRev370
_x0013-1113
942 _2lcc
_cAR
999 _c881368
_d881368